000 005380000a22001810004500
003 MACL
005 20160218120354.0
008 160218b xxu||||| |||| 00| 0 eng d
040 _aMACL
_cMACL
041 _aHindi
082 _a400
100 _aश्‍यामचन्‍द्र
_938678
245 _aसंस्‍कृत निबंध सौरभम
260 _bप्रभात प्रकाशन
_c1986
_aनई दिल्‍ली
350 _a30
650 _aLanguage
_938809
942 _cHIN
_k400
_2ddc
999 _c29080
_d29080